000 01609nam0a2200373 4500
001 RU\NLR\BIBL_A\012488891
005 20250317150849.0
010 _a978-5-4316-0690-8
_9500
021 _aRU
_bКН-П-20-074273
_9КН-П-20-5587
035 _a(NLR Aleph) 012488891
035 _a(RuMoRGB)010491653
090 _a13303437
_c13303437
100 _a20210329d2020 u y0rusy50 ca
101 0 _arus
102 _aRU
105 _aa z 000zy
181 0 _ai
_baxxe
182 0 _an
200 1 _aМетод продолжения решения по параметру в задачах необратимого деформирования
_fЕ. Б. Кузнецов, С. С. Леонов
_g[МАИ]
203 _aТекст
_bвизуальный
_cнепосредственный
210 _aМосква
_cИзд-во МАИ
_d2020
215 _a159 с.
_cил., табл.
_d20
225 1 _aНаучная библиотека
320 _aБиблиогр.: с. 141-153 (106 назв.)
606 1 _aМеталлы
_xПолзучесть
_xМатематическое моделирование
_2nlr_sh1
_2nlr_sh2
_3RU\NLR\AUTH\661482123
686 1 _aК206.25-1с11
700 1 _aКузнецов
_bЕ. Б.
_cд-р физ.-мат. наук
_f1946-
_gЕвгений Борисович
_3RU\NLR\AUTH\77122573
701 1 _aЛеонов
_bС. С.
_cканд. физ.-мат. наук
_gСергей Сергеевич
_3RU\NLR\AUTH\770230394
942 _cBOOK
980 _aNBR
980 _aNB